Основы проектирования продукции: учебное пособие

Podrobná bibliografie
Korporativní autor: Национальный исследовательский Томский политехнический университет (ТПУ) Институт кибернетики (ИК) Кафедра автоматизации и роботизации в машиностроении (АРМ)
Další autoři: Сикора Е. А. Евгений Александрович (составитель)
Shrnutí:Заглавие с титульного экрана
В учебном пособии рассматриваются основные направления и средства комплексной механизации и автоматизации технологических процессов технического обслуживания и ремонта автомобилей, изучается общая методика и особенности расчёта, проектирования разрабатываемого оборудования и оснастки. Учебное пособие подготовлено на кафедре автоматизации и роботизации в машиностроении, соответствует программе дисциплины и предназначено для студентов ИнЭО, обучающихся по направлению 221700 «Стандартизация и метрология»
AM_TPU_network
Jazyk:angličtina
Vydáno: Томск, Изд-во ТПУ, 2015
Témata:
On-line přístup:https://www.lib.tpu.ru/fulltext2/m/2015/m333.pdf
Médium: MixedMaterials Elektronický zdroj Kniha
KOHA link:https://koha.lib.tpu.ru/cgi-bin/koha/opac-detail.pl?biblionumber=344785

MARC

LEADER 00000nam0a2200000 4500
001 344785
005 20260413134136.0
035 |a (RuTPU)RU\TPU\book\376553 
035 |a RU\TPU\book\257665 
090 |a 344785 
100 |a 20200416d2015 m y0rusy50 ca 
101 0 |a eng 
102 |a RU 
105 |a a j 001zy 
135 |a drcn ---uucaa 
181 0 |a i   |b  e  
182 0 |a b 
183 0 |a cr  |2 RDAcarrier 
200 1 |a Основы проектирования продукции  |e учебное пособие  |f Национальный исследовательский Томский политехнический университет (ТПУ), Институт кибернетики (ИК), Кафедра автоматизации и роботизации в машиностроении (АРМ) ; сост. Е. А. Сикора 
203 |a Текст  |c электронный  |b визуальный 
210 |a Томск  |c Изд-во ТПУ  |d 2015 
283 |a online_resource  |2 RDAcarrier 
300 |a Заглавие с титульного экрана 
330 |a В учебном пособии рассматриваются основные направления и средства комплексной механизации и автоматизации технологических процессов технического обслуживания и ремонта автомобилей, изучается общая методика и особенности расчёта, проектирования разрабатываемого оборудования и оснастки. Учебное пособие подготовлено на кафедре автоматизации и роботизации в машиностроении, соответствует программе дисциплины и предназначено для студентов ИнЭО, обучающихся по направлению 221700 «Стандартизация и метрология» 
371 0 |a AM_TPU_network 
606 1 |a Машиностроение  |x Проектно-конструкторские работы  |2 stltpush  |3 (RuTPU)RU\TPU\subj\41465  |9 61255 
610 1 |a электронный ресурс 
610 1 |a учебные пособия 
610 1 |a труды учёных ТПУ 
610 1 |a проектирование 
610 1 |a методы расчета 
610 1 |a прочность 
610 1 |a жесткость 
610 1 |a устойчивость 
610 1 |a долговечность 
610 1 |a унификация 
610 1 |a стандартизация 
610 1 |a машиностроительные материалы 
610 1 |a конструирование 
675 |a 621.001.6(075.8)  |v 4 
702 1 |a Сикора  |b Е. А.  |c специалист в области машиностроения  |c доцент кафедры автоматизации и роботизации в машиностроении Томского политехнического университета  |f 1984-  |g Евгений Александрович  |3 (RuTPU)RU\TPU\pers\26499  |4 220  |9 12201 
712 0 2 |a Национальный исследовательский Томский политехнический университет (ТПУ)  |b Институт кибернетики (ИК)  |b Кафедра автоматизации и роботизации в машиностроении (АРМ)  |3 (RuTPU)RU\TPU\col\18704 
801 1 |a RU  |b 63413507  |c 20130424  |g RCR 
801 2 |a RU  |b 63413507  |c 20201016  |g RCR 
856 4 0 |u https://www.lib.tpu.ru/fulltext2/m/2015/m333.pdf  |z https://www.lib.tpu.ru/fulltext2/m/2015/m333.pdf 
942 |c CF